The landmark years, 1881-1981 : 100 years of San Antonio's history /

Bibliographic Details
Main Author: Fehrenbach, T. R.
Format: Book
Language:English
Published: San Antonio, Tex. : The Light, 1981.
Subjects:

MARC

Tag First Indicator Second Indicator Subfields
LEADER 00000cam a2200000 a 4500
001 in00000016773
005 20190207093352.0
008 820406s1981 txua 00010 eng d
035 |a (OCoLC)08312437 
035 |9 AAA9471AM 
040 |a SNC  |c SNC  |d m/c  |d TXA  |d UtOrBLW 
049 |a TXAS  |c [A09893936] 
050 4 |a F394.S2  |b L3 1981 
100 1 |a Fehrenbach, T. R. 
245 1 4 |a The landmark years, 1881-1981 :  |b 100 years of San Antonio's history /  |c by T.R. Fehrenbach. 
264 1 |a San Antonio, Tex. :  |b The Light,  |c 1981. 
300 |a 41 pages :  |b illustrations ;  |c 26 x 20 cm. 
336 |a text  |b txt  |2 rdacontent 
337 |a unmediated  |b n  |2 rdamedia 
338 |a volume  |b nc  |2 rdacarrier 
500 |a The Cushing Library/Chapman Texas Collection copy is part of the Floyd & Louise Chapman Texas & Borderlands Collection.  |5 TXA 
500 |a Cover title. 
500 |a Reprinted from the centennial edition of the San Antonio Light. 
651 0 |a San Antonio (Tex.)  |x History. 
651 0 |a San Antonio (Tex.)  |x Imprints. 
999 |a MARS 
999 f f |s 4eaf94c1-9d06-3576-8284-4cc4425e723e  |i 4013422e-1f79-322c-a87a-c03989106e8f  |t 0 
952 f f |p noncirc  |a Texas A&M University  |b College Station  |c Cushing Memorial Library & Archives  |d Cushing: Chapman Texas Collection (Does not check out)  |t 0  |e F394.S2 L3 1981  |h Library of Congress classification  |i unmediated -- volume  |m A14809893936 
998 f f |a F394.S2 L3 1981  |t 0  |l Cushing: Chapman Texas Collection (Does not check out)